Statystyki dla Państwa z ruchem lewostronnym

Kliknij tutaj aby rozwiązać quiz!

Ogólne statystyki

  • Ten quiz został rozwiązany 275 razy
  • Średni wynik to 13 z 32

Statystyki odpowiedzi

Pańswto% Poprawnych
Wielka Brytania
99%
Australia
87%
Nowa Zelandia
76%
Irlandia
74%
Japonia
73%
Indie
69%
Republika Poludniowej Afryki
68%
Indonezja
58%
Tajlandia
46%
Malezja
45%
Pakistan
43%
Bangladesz
42%
Singapur
40%
Kenia
37%
Sri Lanka
36%
Lesotho
33%
Papua Nowa-Gwinea
32%
Botswana
30%
Malta
30%
Tanzania
30%
Cypr
29%
Zimbabwe
29%
Zambia
27%
Brunei
24%
Uganda
24%
Malediwy
23%
Jamajka
22%
Dominika
18%
Samoa
18%
Mauritius
12%
Gujana
10%
Surinam
10%

Rozkład punktacji

Percentyl według liczby udzielonych odpowiedzi

Procent ludzi z każdym wynikiem

Twoja historia wyników

Nie rozwiązałeś tego quizu